| 000 | 00328nam a2200133Ia 4500 | ||
|---|---|---|---|
| 008 | 230917s9999||||xx |||||||||||||| ||und|| | ||
| 040 |
_e93592 _aMAIN |
||
| 041 | _aEnglish | ||
| 082 | _a677 G346S | ||
| 100 | _aGhosh, Biswajit | ||
| 245 | 0 | _aStudy of blend characteristics of open and spun yarn | |
| 300 | _a43 p. | ||
| 942 | _cTH | ||
| 999 |
_c49770 _d49770 |
||